COMPREHENSIVE TB. OF MEDICAL PHYSIOLOGY (Record no. 16964)

MARC details
000 -LEADER
fixed length control field 00354nam a22001577a 4500
003 - CONTROL NUMBER IDENTIFIER
control field SGT
020 ## - INTERNATIONAL STANDARD BOOK NUMBER
International Standard Book Number 978-93-86056-97-9
082 ## - DEWEY DECIMAL CLASSIFICATION NUMBER
Classification number 612
Item number C17P
100 ## - MAIN ENTRY--PERSONAL NAME
Personal name PAL, G.K.
245 ## - TITLE STATEMENT
Title COMPREHENSIVE TB. OF MEDICAL PHYSIOLOGY
250 ## - EDITION STATEMENT
Edition statement 1ST
260 ## - PUBLICATION, DISTRIBUTION, ETC. (IMPRINT)
Place of publication, distribution, etc INDIA
Name of publisher, distributor, etc JAYPEE PUB.
Year of Publication 2017
300 ## - PAGE DESCRIPTION
No. of Pages 726
650 ## - SUBJECT ADDED ENTRY--TOPICAL TERM
Topical term or geographic name as entry element PHYSIOLOGY
942 ## - ADDED ENTRY ELEMENTS (KOHA)
Source of classification or shelving scheme Dewey Decimal Classification
Koha item type Books
942 ## - ADDED ENTRY ELEMENTS (KOHA)
-- 106
Holdings
Withdrawn status Lost status Source of classification or shelving scheme Damaged status Not for loan Collection code Home library Current library Shelving location Date acquired Vendor Name Cost, normal purchase price Volume Information (Serial or Books or Non-Book Material) SGTU Bill Number Total Checkouts Total Renewals Full call number Accession No. (Barcode) Date last seen Date last borrowed Bill Date Koha item type
    Dewey Decimal Classification     MEDICAL SGT Medical Library SGT Medical Library Text Book 21/02/2019 ABC DELHI 1395.00 I SGTU 10441 31 1 612 C17P FM11115 21/01/2026 09/01/2026 20/12/2018 Books
    Dewey Decimal Classification     MEDICAL SGT Medical Library SGT Medical Library Text Book 21/02/2019 ABC DELHI 1395.00 I SGTU 10441 33 1 612 C17P FM11116 05/01/2024 01/01/2024 20/12/2018 Books
    Dewey Decimal Classification     MEDICAL SGT Medical Library SGT Medical Library Text Book 21/02/2019 ABC DELHI 1395.00 I SGTU 10441 37 2 612 C17P FM11117 10/01/2026 25/12/2025 20/12/2018 Books
    Dewey Decimal Classification       SGT Medical Library SGT Medical Library Text Book 21/02/2019 ABC DELHI   II SGTU 10441 32 2 612 C17P FM11118 21/11/2025 08/11/2025 20/12/2018 Books
    Dewey Decimal Classification       SGT Medical Library SGT Medical Library Text Book 21/02/2019 ABC DELHI   II SGTU 10441 40   612 C17P FM11119 12/11/2025 30/10/2025 20/12/2018 Books
    Dewey Decimal Classification   Not For Loan   SGT Medical Library SGT Medical Library Text Book 21/02/2019 ABC DELHI   II SGTU 10441 2   612 C17P FM11120 17/11/2022 17/11/2022 20/12/2018 Books